|
|
|
|
| LEADER |
02711nam a2200649 4500 |
| 001 |
ocn893672920 |
| 003 |
OCoLC |
| 005 |
20170124072507.4 |
| 006 |
m o d |
| 007 |
cr cn||||||||| |
| 008 |
141017t20152015njuab ob 001 0 eng d |
| 040 |
|
|
|a E7B
|b eng
|e rda
|e pn
|c E7B
|d OCLCO
|d DG1
|d N$T
|d OHI
|d OCLCF
|d YDXCP
|d OCLCQ
|d COO
|d OCLCQ
|d DEBBG
|d GrThAP
|
| 019 |
|
|
|a 961573870
|a 962608114
|
| 020 |
|
|
|a 9781118962220
|q (electronic bk.)
|
| 020 |
|
|
|a 1118962222
|q (electronic bk.)
|
| 020 |
|
|
|a 9781118962213
|q (electronic bk.)
|
| 020 |
|
|
|a 1118962214
|q (electronic bk.)
|
| 020 |
|
|
|a 1118962192
|
| 020 |
|
|
|a 9781118962190
|
| 020 |
|
|
|z 9781118962190
|
| 029 |
1 |
|
|a CHBIS
|b 010441727
|
| 029 |
1 |
|
|a CHNEW
|b 000706842
|
| 029 |
1 |
|
|a CHVBK
|b 334084512
|
| 029 |
1 |
|
|a NZ1
|b 16034227
|
| 029 |
1 |
|
|a GBVCP
|b 815013434
|
| 029 |
1 |
|
|a DEBBG
|b BV043397218
|
| 035 |
|
|
|a (OCoLC)893672920
|z (OCoLC)961573870
|z (OCoLC)962608114
|
| 050 |
|
4 |
|a TD426
|b .G76 2015eb
|
| 072 |
|
7 |
|a TEC
|x 010000
|2 bisacsh
|
| 082 |
0 |
4 |
|a 628.161
|2 23
|
| 049 |
|
|
|a MAIN
|
| 245 |
0 |
0 |
|a Groundwater vulnerability :
|b chernobyl nuclear disaster /
|c edited by Boris Faybishenko [and four others].
|
| 264 |
|
1 |
|a Hoboken, New Jersey :
|b John Wiley & Sons,
|c 2015.
|
| 264 |
|
4 |
|c ©2015
|
| 300 |
|
|
|a 1 online resource (138 pages) :
|b illustrations (some color), maps.
|
| 336 |
|
|
|a text
|b txt
|2 rdacontent
|
| 337 |
|
|
|a computer
|b c
|2 rdamedia
|
| 338 |
|
|
|a online resource
|b cr
|2 rdacarrier
|
| 490 |
1 |
|
|a Special Publications ;
|v 69
|
| 500 |
|
|
|a "This work is a co-publication between the American Geophysical Union and John Wiley & Sons, Inc."
|
| 504 |
|
|
|a Includes bibliographical references and index.
|
| 588 |
0 |
|
|a Online resource; title from PDF cover (ebrary, viewed October 17, 2014).
|
| 650 |
|
0 |
|a Groundwater
|x Pollution
|x Computer simulation.
|
| 650 |
|
0 |
|a Groundwater
|x Pollution.
|
| 650 |
|
0 |
|a Water
|x Pollution potential.
|
| 650 |
|
7 |
|a TECHNOLOGY & ENGINEERING
|x Environmental
|x General.
|2 bisacsh
|
| 650 |
|
7 |
|a Groundwater
|x Pollution.
|2 fast
|0 (OCoLC)fst00948250
|
| 650 |
|
7 |
|a Groundwater
|x Pollution
|x Computer simulation.
|2 fast
|0 (OCoLC)fst00948255
|
| 650 |
|
7 |
|a Water
|x Pollution potential.
|2 fast
|0 (OCoLC)fst01171359
|
| 655 |
|
4 |
|a Electronic books.
|
| 655 |
|
0 |
|a Electronic books.
|
| 700 |
1 |
|
|a Faybishenko, Boris,
|e editor.
|
| 710 |
2 |
|
|a American Geophysical Union.
|
| 776 |
0 |
8 |
|i Print version:
|t Groundwater vulnerability : chernobyl nuclear disaster.
|d Hoboken, New Jersey : John Wiley & Sons, ©2015
|h xi, 119 pages
|k Special Publications ; 16
|z 9781118962190
|
| 830 |
|
0 |
|a Special publication (American Geophysical Union) ;
|v 69.
|
| 856 |
4 |
0 |
|u https://doi.org/10.1002/9781118962220
|z Full Text via HEAL-Link
|
| 994 |
|
|
|a 92
|b DG1
|